01012nam a2200277Ia 450000500170000000800410001702000180005808200210007610000280009724500570012525000180018230000250020049000140022550501550023953400450039465000340043965000430047370000410051694200120055726400270056933600270059633700330062333800280065604000350068499900150071920220317001505.0161108s2010 sp g 000 0 spa  a978844932360704a909.09821 bDRO21 aRoger-Pol, Droitd1949-10aOccidente explicado a todo el mundocRoger-Pol Droit a1a. edición a101 páginasc21 cm aContextos a{BF}Dónde está occidente? -- Historias de familia -- Cara amable, cara sombría -- {BF}Qué significa <>? -- Idea sin fronteras tL´Occident expliqué á tout le monde142LEMBaCivilizacion occidental142LEMBaCivilizacion ccidentalxHistoria1 aGarcía Lorenzana, Francisco951853 2ddccBK aMadridbPaidósc2010 atextobtxt2rdacontent asin mediaciónbn2rdamedia avolumenbnc2rdacarrier aCO-BoRNBPbspaerdacCO-BoRNBP c7134d7134